Alle Nationalitäten, die jemals für den FC Bayern gespielt haben - Statistiken

Allgemein
  • Dieses Quiz wurde 112 mal gespielt
  • Das Durchschnittsergebnis liegt bei 50 aus 73
Antwortstatistiken
Hint Antwort % Korrekt
Europa Deutschland
97%
Europa England
96%
Europa Frankreich
95%
Europa Italien
95%
Europa Österreich
95%
Europa Spanien
95%
Europa Portugal
94%
Europa Schweiz
94%
Europa Belgien
93%
Europa Dänemark
93%
Europa Schweden
93%
Europa Kroatien
91%
Europa Niederlande
90%
Europa Polen
90%
Nordamerika Vereinigte Staaten
89%
Südamerika Brasilien
88%
Südamerika Argentinien
86%
Europa Russland
86%
Europa Ukraine
86%
Europa Finnland
85%
Europa Irland
85%
Asien Japan
85%
Nordamerika Kanada
85%
Europa Norwegen
85%
Europa Tschechien
85%
Südamerika Peru
84%
Afrika Senegal
84%
Asien Türkei
84%
Südamerika Kolumbien
82%
Europa Schottland
81%
Europa Serbien
81%
Europa Slowenien
81%
Europa Bosnien-Herzegowina
80%
Afrika Ghana
80%
Afrika Marokko
80%
Südamerika Chile
79%
Europa Island
79%
Asien Südkorea
79%
Ozeanien Australien
78%
Europa Bulgarien
78%
Europa Ungarn
78%
Ozeanien Neuseeland
76%
Asien Iran
75%
Europa Wales
73%
Afrika Kamerun
72%
Südamerika Paraguay
71%
Europa Luxemburg
69%
Afrika Nigeria
67%
Afrika Algerien
65%
Europa Lettland
65%
Afrika Elfenbeinküste
64%
Südamerika Bolivien
62%
Asien Israel
60%
Europa Kosovo
57%
Asien Indien
55%
Nordamerika Jamaika
54%
Afrika Togo
51%
Afrika Mali
47%
Südamerika Suriname
46%
Afrika Guinea
44%
Afrika Gambia
35%
Afrika Liberia
30%
Afrika Tansania
30%
Asien Aserbaidschan
29%
Afrika Sambia
28%
Afrika Guinea-Bissau
26%
Afrika Mosambik
19%
Asien Philippinen
19%
Afrika Äquatorialguinea
12%
Afrika Komoren
12%
Nordamerika Curacao
9%
Afrika Sao Tomé und Principé
9%
Nordamerika Guadeloupe
4%
Keine übereinstimmenden Quizze gefunden
Verteilung der Resultate
Anzahl Personen mit jedem Resultat
Perzentil nach korrekt beantworteten Fragen
Ihre Resultats-Entwicklung
Sie haben dieses Quiz noch nicht gespielt